[Event "VIII Floripa Chess Open 2022 - LIRA - mesa 1 a 205 - HOTEL FAIAL - 206 a 246"]
[Site "Lira Tênis Clube - Florianópolis/SC"]
[Date "2022.01.27"]
[Round "6"]
[Board "124"]
[White "Marques, Eudes Pinto"]
[Black "Felix, Joao Eduardo Orlandi"]
[Result "1-0"]
[WhiteElo "1857"]
[BlackElo "1546"]
[PlyCount "95"]
[EventDate "2022.01.24"]
[EventRounds "10"]
[EventCountry "BRA"]

1. c4 Nf6 2. Nc3 d5 3. e3 Bf5 4. Qb3 dxc4 5. Bxc4 e6 6. Qxb7 Nbd7 7. Nb5 Be4 8.
Nxc7+ Ke7 9. Qb4+ Nc5 10. Qxc5+ Kd7 11. Bb5+ Kc8 12. Nxe6+ Bxc5 13. Nxd8 Rxd8
14. Nf3 Rb8 15. Bc4 Rd7 16. O-O Kc7 17. Ne5 Re7 18. d4 Bd6 19. f4 Nd5 20. a3 f6
21. Nf3 Kd8 22. b4 Rc8 23. Bxd5 Bxd5 24. Bd2 Bxf3 25. Rxf3 Rc2 26. Rf2 f5 27.
Kf1 Rec7 28. b5 Rb2 29. Ba5 Rxb5 30. Bxc7+ Bxc7 31. Rc2 Rb3 32. Ke2 Bb6 33. a4
a5 34. Raa2 Bc7 35. Rcb2 Rc3 36. Kd2 Rc6 37. Rc2 Rh6 38. h3 Rg6 39. Kd3 Rb6 40.
Rab2 Rg6 41. Rb5 Rg3 42. Rxf5 h6 43. Ke4 Rg6 44. g4 Re6+ 45. Kd3 Bb6 46. Rb5
Kd7 47. e4 Bd8 48. f5  1-0

[Event "VIII Floripa Chess Open 2022 - LIRA - mesa 1 a 205 - HOTEL FAIAL - 206 a 246"]
[Site "Lira Tênis Clube - Florianópolis/SC"]
[Date "2022.01.27"]
[Round "6"]
[Board "125"]
[White "Machado, Wesley Henrique"]
[Black "Hirota Da Silva, Nilton"]
[Result "0-1"]
[WhiteElo "1503"]
[BlackElo "1853"]
[PlyCount "108"]
[EventDate "2022.01.24"]
[EventRounds "10"]
[EventCountry "BRA"]

1. e4 c6 2. d4 d6 3. e5 dxe5 4. dxe5 Qa5+ 5. Nc3 Qxe5+ 6. Be3 Nf6 7. Nf3 Qa5 8.
Qd2 e6 9. a3 Be7 10. Bd3 O-O 11. Ne4 Qxd2+ 12. Nfxd2 Nxe4 13. Nxe4 e5 14. O-O-O
Be6 15. Ng5 Bxg5 16. Bxg5 f6 17. Be3 g6 18. Bc5 Re8 19. Rhe1 Nd7 20. Bd6 Nb6
21. f4 exf4 22. Bxf4 Bg4 23. Rxe8+ Rxe8 24. Rf1 Kg7 25. Kd2 Be6 26. Re1 Kf7 27.
Be3 Rd8 28. Kc1 Nc8 29. Rd1 Rd7 30. Be4 Rxd1+ 31. Kxd1 Bd5 32. Bxd5+ cxd5 33.
Ke2 Ke6 34. Kd3 b6 35. Bf4 Nd6 36. Bxd6 Kxd6 37. Kd4 f5 38. c4 dxc4 39. Kxc4
Ke5 40. Kb5 f4 41. Ka6 g5 42. h3 h5 43. Kxa7 g4 44. hxg4 hxg4 45. Kxb6 f3 46.
gxf3 gxf3 47. a4 f2 48. a5 f1=Q 49. a6 Qf2+ 50. Kb7 Qf3+ 51. Ka7 Qb3 52. Ka8
Kd6 53. a7 Qb6 54. b3 Kc7  0-1

[Event "VIII Floripa Chess Open 2022 - LIRA - mesa 1 a 205 - HOTEL FAIAL - 206 a 246"]
[Site "Lira Tênis Clube - Florianópolis/SC"]
[Date "2022.01.27"]
[Round "6"]
[Board "126"]
[White "Luz, Jhonatan Rodrigues Da"]
[Black "Monauer, Caique"]
[Result "1/2-1/2"]
[WhiteElo "1845"]
[BlackElo "1537"]
[PlyCount "56"]
[EventDate "2022.01.24"]
[EventRounds "10"]
[EventCountry "BRA"]

1. e4 c6 2. d4 d5 3. exd5 cxd5 4. Bd3 Nf6 5. Bf4 Bg4 6. Nf3 e6 7. Nbd2 Bd6 8.
Bxd6 Qxd6 9. c3 O-O 10. Qb3 Nbd7 11. O-O a6 12. Rae1 b5 13. Ne5 Bh5 14. f4 Bg6
15. Bxg6 hxg6 16. Rf3 Rab8 17. a3 a5 18. Ra1 Nb6 19. Rh3 Qc7 20. Qc2 b4 21. a4
Nc8 22. Rc1 Nd6 23. c4 dxc4 24. Ndxc4 Nxc4 25. Qxc4 Qxc4 26. Rxc4 Rfc8 27. Nc6
Nd5 28. Rc5 Rb6  1/2-1/2

[Event "VIII Floripa Chess Open 2022 - LIRA - mesa 1 a 205 - HOTEL FAIAL - 206 a 246"]
[Site "Lira Tênis Clube - Florianópolis/SC"]
[Date "2022.01.27"]
[Round "6"]
[Board "127"]
[White "Gatelli, Jacson Henrique"]
[Black "Do Amaral Vailant, Helena Kether"]
[Result "1/2-1/2"]
[WhiteElo "1835"]
[BlackElo "1497"]
[PlyCount "100"]
[EventDate "2022.01.24"]
[EventRounds "10"]
[EventCountry "BRA"]

1. e4 e5 2. Nc3 Nf6 3. Nf3 Nc6 4. Bc4 Bb4 5. d3 O-O 6. Bd2 d6 7. h3 Na5 8. Bb3
Nxb3 9. axb3 Bxc3 10. bxc3 Ne8 11. g4 f6 12. Nh4 d5 13. f3 dxe4 14. fxe4 Rf7
15. Nf5 Nd6 16. Qe2 a5 17. c4 b6 18. Qf2 Nxf5 19. gxf5 Qd4 20. Qxd4 exd4 21. c5
Bd7 22. cxb6 cxb6 23. Bf4 Bc6 24. Rg1 a4 25. bxa4 Rxa4 26. Rxa4 Bxa4 27. Kd2
Rb7 28. Rb1 b5 29. h4 Kf7 30. h5 Rd7 31. Rb4 g6 32. hxg6+ hxg6 33. fxg6+ Kxg6
34. Rb1 Kf7 35. Rf1 Ke6 36. Bg3 Rg7 37. Bf2 Rg2 38. c3 dxc3+ 39. Kxc3 f5 40.
exf5+ Kxf5 41. d4 Ke4 42. Re1+ Kf3 43. Bg1 Rc2+ 44. Kb4 Rd2 45. Kc5 Rd1 46.
Rxd1 Bxd1 47. d5 Bb3 48. d6 Be6 49. Kxb5 Ke4 50. Kc6 Bh3  1/2-1/2

[Event "VIII Floripa Chess Open 2022 - LIRA - mesa 1 a 205 - HOTEL FAIAL - 206 a 246"]
[Site "Lira Tênis Clube - Florianópolis/SC"]
[Date "2022.01.27"]
[Round "6"]
[Board "129"]
[White "De Ramos, Mitzi Vedan"]
[Black "Da Silva, Lucas Pereira Mendes"]
[Result "0-1"]
[WhiteElo "1462"]
[BlackElo "1821"]
[PlyCount "58"]
[EventDate "2022.01.24"]
[EventRounds "10"]
[EventCountry "BRA"]

1. e4 e5 2. Nf3 Nc6 3. Bc4 Bc5 4. O-O Nf6 5. d3 h6 6. Nc3 O-O 7. Be3 Bb6 8. Nd5
d6 9. Nxb6 axb6 10. c3 d5 11. exd5 Nxd5 12. Qe2 Bg4 13. Rad1 Kh8 14. Bc1 f5 15.
h3 Bh5 16. b4 Nxc3 17. Qc2 Nxd1 18. Rxd1 Bxf3 19. gxf3 Nd4 20. Qb2 f4 21. Kh1
Qh4 22. Kg2 c6 23. Rh1 Qh5 24. Kf1 Qxf3 25. Rh2 Qd1+ 26. Kg2 f3+ 27. Kg3 Qg1+
28. Kh4 Nf5+ 29. Kh5 g6#  0-1

[Event "VIII Floripa Chess Open 2022 - LIRA - mesa 1 a 205 - HOTEL FAIAL - 206 a 246"]
[Site "Lira Tênis Clube - Florianópolis/SC"]
[Date "2022.01.27"]
[Round "6"]
[Board "130"]
[White "Menezes, Jose Eduardo Carneiro"]
[Black "Ferreira, Kauan Mariani"]
[Result "1-0"]
[WhiteElo "1818"]
[BlackElo "1364"]
[PlyCount "120"]
[EventDate "2022.01.24"]
[EventRounds "10"]
[EventCountry "BRA"]

1. e4 e5 2. Nf3 Nc6 3. Bb5 a6 4. Ba4 Nf6 5. d3 d6 6. O-O b5 7. Bb3 Na5 8. h3
Nxb3 9. axb3 Be7 10. Re1 Bb7 11. Nbd2 O-O 12. Nf1 Re8 13. Ng3 Bf8 14. Bg5 h6
15. Bd2 Bc8 16. c3 d5 17. Qc2 dxe4 18. dxe4 Bd6 19. Rad1 Qe7 20. b4 Nh7 21. Bc1
Ng5 22. Bxg5 hxg5 23. Nh2 g6 24. Ng4 Bxg4 25. hxg4 Kg7 26. Qe2 Qe6 27. Nf1 Rh8
28. Ne3 Rh7 29. f3 Rhh8 30. Rd5 Rhd8 31. Red1 Be7 32. Kf1 Rxd5 33. Rxd5 Rd8 34.
Qd3 Rxd5 35. Qxd5 Qd6 36. Ke2 Qxd5 37. exd5 Bd6 38. Kd3 Kf6 39. Ke4 Ke7 40. Nc2
Kd7 41. Ne1 c6 42. Nd3 f6 43. b3 cxd5+ 44. Kxd5 f5 45. gxf5 gxf5 46. Nxe5+ Ke7
47. Nc6+ Kd7 48. Nd4 Bg3 49. Nxf5 Be1 50. Kd4 Ke6 51. Ne3 Kd6 52. Nc2 Bf2+ 53.
Ke4 Ke6 54. c4 bxc4 55. bxc4 Bb6 56. Nd4+ Kd7 57. c5 Ba7 58. Kf5 Bb8 59. c6+
Kc8 60. Ne6 Bf4  1-0

[Event "VIII Floripa Chess Open 2022 - LIRA - mesa 1 a 205 - HOTEL FAIAL - 206 a 246"]
[Site "Lira Tênis Clube - Florianópolis/SC"]
[Date "2022.01.27"]
[Round "6"]
[Board "131"]
[White "Marcolino, Alex Vitor De Maman"]
[Black "Landre, Geraldo Barbosa"]
[Result "0-1"]
[WhiteElo "1341"]
[BlackElo "1817"]
[PlyCount "110"]
[EventDate "2022.01.24"]
[EventRounds "10"]
[EventCountry "BRA"]

1. e4 e6 2. d3 d5 3. Nd2 Nf6 4. Ngf3 c5 5. g3 Nc6 6. Bg2 Be7 7. O-O b6 8. e5
Nd7 9. Re1 Qc7 10. Qe2 Bb7 11. c3 O-O-O 12. a3 g5 13. h3 h5 14. g4 hxg4 15.
hxg4 Nf8 16. Nf1 Nh7 17. b4 Rdg8 18. Rb1 cxb4 19. cxb4 Kb8 20. Bb2 Nf8 21. b5
Na5 22. Rbc1 Qd7 23. Qc2 Ng6 24. Bc3 Qxb5 25. Nd4 Qa6 26. Bxa5 Qxa5 27. a4 Qc5
28. Qxc5 Bxc5 29. Nb3 Bb4 30. Re3 Nf4 31. d4 Ba6 32. Ng3 Bc4 33. Bf1 Rc8 34.
Ne2 Nxe2+ 35. Bxe2 Bxe2 36. Rxc8+ Kxc8 37. Rxe2 Rh3 38. Re3 Rh4 39. Rg3 Kd7 40.
Kg2 Rh8 41. Rh3 Rc8 42. Rd3 Rc2 43. a5 bxa5 44. Na1 Rc3 45. Rxc3 Bxc3 46. Nc2
Kc6 47. Kg3 Bd2 48. Kf3 Kb5 49. Ke2 Bc1 50. Kd3 a4 51. Kc3 a6 52. Na1 a3 53.
Kb3 a5 54. Nc2 a4+ 55. Kc3 Bb2+  0-1

[Event "VIII Floripa Chess Open 2022 - LIRA - mesa 1 a 205 - HOTEL FAIAL - 206 a 246"]
[Site "Lira Tênis Clube - Florianópolis/SC"]
[Date "2022.01.27"]
[Round "6"]
[Board "132"]
[White "Monteiro, Samuel Ramazzotte"]
[Black "Dull, Amanda Paul"]
[Result "0-1"]
[WhiteElo "1338"]
[BlackElo "1810"]
[PlyCount "102"]
[EventDate "2022.01.24"]
[EventRounds "10"]
[EventCountry "BRA"]

1. e4 Nf6 2. e5 Nd5 3. c4 Nb6 4. d4 d6 5. exd6 cxd6 6. Nc3 Nc6 7. Nf3 Bg4 8.
Be2 e6 9. h3 Bh5 10. Be3 Be7 11. O-O O-O 12. Qd3 Nb4 13. Qe4 d5 14. cxd5 N6xd5
15. a3 Bg6 16. Qg4 Nxe3 17. fxe3 Nc2 18. Qg3 Nxa1 19. Rxa1 Qb6 20. b4 Rac8 21.
Na4 Qc6 22. Nc5 b6 23. Ne5 Qc7 24. Ncd7 Rfd8 25. Ba6 Ra8 26. Qf3 Qc3 27. Ra2
Re8 28. Rf2 f6 29. Nc6 Bd6 30. Bb7 Rad8 31. Nxd8 Rxd8 32. Bc6 Qe1+ 33. Rf1 Qg3
34. e4 Qh2+ 35. Kf2 Qf4 36. Ke2 Qxf3+ 37. gxf3 Be8 38. e5 Be7 39. exf6 gxf6 40.
Nxf6+ Bxf6 41. Bxe8 Rxe8 42. Ke3 Rc8 43. Rd1 Rc3+ 44. Rd3 Rxd3+ 45. Kxd3 b5 46.
Ke4 Kf7 47. f4 Ke7 48. Kd3 Kd6 49. Ke4 a6 50. Ke3 Kd5 51. Kd3 Bxd4  0-1

[Event "VIII Floripa Chess Open 2022 - LIRA - mesa 1 a 205 - HOTEL FAIAL - 206 a 246"]
[Site "Lira Tênis Clube - Florianópolis/SC"]
[Date "2022.01.27"]
[Round "6"]
[Board "133"]
[White "Silva, Jeferson"]
[Black "Mees, Gabriel Ferreira"]
[Result "1-0"]
[WhiteElo "1800"]
[BlackElo "1796"]
[PlyCount "85"]
[EventDate "2022.01.24"]
[EventRounds "10"]
[EventCountry "BRA"]

1. d4 d5 2. c4 c6 3. Nc3 Nf6 4. Nf3 Bf5 5. Bf4 h6 6. e3 Nh5 7. Bxb8 Rxb8 8.
cxd5 Qb6 9. Qb3 Qxb3 10. axb3 cxd5 11. Bb5+ Kd8 12. Nxd5 Be4 13. Nc3 Bxf3 14.
gxf3 a6 15. Be2 e6 16. Ra4 g5 17. b4 Ra8 18. Kd2 Nf6 19. b5 a5 20. Rha1 b6 21.
b4 Kc7 22. Kd1 Bxb4 23. Na2 Bd6 24. h3 h5 25. Rc4+ Kd7 26. Nc3 Nd5 27. Nxd5
exd5 28. Rc6 Rab8 29. Bd3 Ke7 30. Bf5 Rh6 31. Ke2 Rf6 32. Bc2 Bh2 33. Rxf6 Kxf6
34. f4 gxf4 35. Rh1 Rc8 36. Kd3 fxe3 37. Rxh2 e2 38. Rh1 Rc4 39. Re1 Rb4 40.
Rxe2 Rxb5 41. Re5 Rb4 42. Rxd5 b5 43. Rc5  1-0

[Event "VIII Floripa Chess Open 2022 - LIRA - mesa 1 a 205 - HOTEL FAIAL - 206 a 246"]
[Site "Lira Tênis Clube - Florianópolis/SC"]
[Date "2022.01.27"]
[Round "6"]
[Board "134"]
[White "Vera Irala, Carlos Marcelo"]
[Black "Cardoso, Lucas Emanuel Alves"]
[Result "1-0"]
[WhiteElo "1795"]
[BlackElo "1341"]
[PlyCount "113"]
[EventDate "2022.01.24"]
[EventRounds "10"]
[EventCountry "BRA"]

1. e4 c5 2. Nf3 d6 3. d4 cxd4 4. Nxd4 Nf6 5. Nc3 a6 6. Bc4 e6 7. Be3 Qc7 8. Bb3
Be7 9. Qe2 O-O 10. O-O Bd7 11. Rad1 b5 12. a3 Nc6 13. f4 Na5 14. h3 Nxb3 15.
cxb3 Rac8 16. b4 Bc6 17. Rc1 Qb7 18. Nxc6 Rxc6 19. Rce1 Rfc8 20. Bd2 Nd7 21.
Qf3 Bf6 22. Qg3 Bd4+ 23. Kh1 Nb6 24. Qd3 e5 25. f5 Nc4 26. f6 Bxc3 27. bxc3 g6
28. Bc1 Nb6 29. Qe3 Kh8 30. Qh6 Rg8 31. Re3 Nd7 32. Rg3 d5 33. Bg5 dxe4 34. Rg4
Nf8 35. Qh4 Rxc3 36. Rd1 Qc8 37. Rxe4 Rc4 38. Rde1 Ne6 39. Bc1 Rd8 40. Bb2 Rc2
41. Bxe5 Rc1 42. Bb2 Rxe1+ 43. Qxe1 Kg8 44. Qe2 Qc6 45. Qe3 Kf8 46. Qh6+ Ke8
47. Re1 Kd7 48. Qxh7 Rf8 49. Qh6 Ke8 50. Qe3 Rh8 51. Kh2 Kf8 52. Qa7 Kg8 53.
Rc1 Qd6+ 54. Kg1 Ng5 55. Qe3 Qd5 56. Kh2 Qd7 57. Qxg5  1-0

[Event "VIII Floripa Chess Open 2022 - LIRA - mesa 1 a 205 - HOTEL FAIAL - 206 a 246"]
[Site "Lira Tênis Clube - Florianópolis/SC"]
[Date "2022.01.27"]
[Round "6"]
[Board "135"]
[White "Franca Junior, Jairo"]
[Black "Arantes, Carlos Eduardo Goncalves"]
[Result "0-1"]
[WhiteElo "1794"]
[BlackElo "1779"]
[PlyCount "92"]
[EventDate "2022.01.24"]
[EventRounds "10"]
[EventCountry "BRA"]

1. d4 d5 2. Nf3 Nf6 3. c4 e6 4. e3 Be7 5. Nc3 O-O 6. b3 b6 7. Bd3 Bb7 8. O-O
Nbd7 9. Bb2 c5 10. Qe2 cxd4 11. exd4 Qc7 12. Ne5 dxc4 13. Bxc4 a6 14. Rac1 b5
15. Bd3 Qd6 16. Rfd1 Nb6 17. Bb1 Rac8 18. f3 Nbd5 19. Ne4 Qb6 20. Kh1 Rfd8 21.
Qe1 Nxe4 22. fxe4 Nf6 23. Qe3 Rxc1 24. Rxc1 a5 25. Qf3 a4 26. Ng4 Nxe4 27. Bxe4
Bxe4 28. Qxe4 f5 29. Rc6 fxe4 30. Rxb6 Rc8 31. bxa4 b4 32. Ne5 e3 33. Kg1 Rc2
34. Rb8+ Bf8 35. Nd7 Kf7 36. Kf1 Bd6 37. Ne5+ Bxe5 38. dxe5 Rxb2 39. h3 Kg6 40.
g4 h5 41. gxh5+ Kxh5 42. Rb6 Kh4 43. Rxe6 Rxa2 44. Rb6 Kg3 45. Rb7 e2+ 46. Ke1
Kf3  0-1

[Event "VIII Floripa Chess Open 2022 - LIRA - mesa 1 a 205 - HOTEL FAIAL - 206 a 246"]
[Site "Lira Tênis Clube - Florianópolis/SC"]
[Date "2022.01.27"]
[Round "6"]
[Board "136"]
[White "Manfroi, Alexander Giannini"]
[Black "Pavao, Fabio Biasi"]
[Result "0-1"]
[WhiteElo "1793"]
[BlackElo "1783"]
[PlyCount "82"]
[EventDate "2022.01.24"]
[EventRounds "10"]
[EventCountry "BRA"]

1. d4 Nf6 2. Bf4 g6 3. Nc3 Bg7 4. e4 d6 5. Qd2 O-O 6. O-O-O Nbd7 7. f3 c5 8.
dxc5 Nxc5 9. Bh6 Be6 10. h4 Qa5 11. a3 Nh5 12. Bxg7 Nxg7 13. Kb1 Rfc8 14. Nd5
Qd8 15. g4 Bxd5 16. Qxd5 Qb6 17. Bc4 e6 18. Qxd6 Rd8 19. e5 Rxd6 20. Rxd6 Qc7
21. Ne2 Ne8 22. Rd4 Rd8 23. Rxd8 Qxd8 24. b4 Nd7 25. f4 Qc8 26. Bd3 Nb6 27. Kb2
Nc4+ 28. Kb3 b5 29. h5 Qa6 30. Bxc4 bxc4+ 31. Kb2 Nc7 32. hxg6 hxg6 33. c3 Qa4
34. Nd4 Nb5 35. Nxb5 Qxb5 36. Kc2 Qa4+ 37. Kd2 Qxa3 38. Rc1 Qb2+ 39. Rc2 Qb1
40. g5 Qf1 41. Ke3 Qd3+  0-1

[Event "VIII Floripa Chess Open 2022 - LIRA - mesa 1 a 205 - HOTEL FAIAL - 206 a 246"]
[Site "Lira Tênis Clube - Florianópolis/SC"]
[Date "2022.01.27"]
[Round "6"]
[Board "143"]
[White "Guara Neto, Argemiro Braga"]
[Black "Brambilla, Renee Blandy T."]
[Result "0-1"]
[WhiteElo "2060"]
[BlackElo "1536"]
[PlyCount "88"]
[EventDate "2022.01.24"]
[EventRounds "10"]
[EventCountry "BRA"]

1. e4 c5 2. Nf3 Nc6 3. d4 cxd4 4. Nxd4 Nf6 5. Nc3 e5 6. Ndb5 d6 7. Bg5 a6 8.
Na3 b5 9. Nd5 Be7 10. Bxf6 Bxf6 11. c3 O-O 12. Nc2 Be6 13. Nce3 Bg5 14. Be2 Ne7
15. O-O Nxd5 16. Nxd5 Qb8 17. Qd3 Qa7 18. Rad1 Rfd8 19. b3 Kh8 20. g3 Bh3 21.
Rfe1 f5 22. Bf3 fxe4 23. Qxe4 Qf7 24. Nf4 exf4 25. g4 Qd7 26. Qe6 Bf6 27. Qxd7
Rxd7 28. Rd5 g5 29. Bd1 h5 30. f3 Re7 31. Rxe7 Bxe7 32. Bc2 Rc8 33. c4 bxc4 34.
Bf5 Rc5 35. Rxc5 dxc5 36. bxc4 Bf6 37. Kf2 Bd4+ 38. Ke2 hxg4 39. fxg4 Kg7 40.
a4 a5 41. Kf3 Kf6 42. Bd3 Ke5 43. Bg6 Bg1 44. Bf5 Bxh2  0-1

[Event "VIII Floripa Chess Open 2022 - LIRA - mesa 1 a 205 - HOTEL FAIAL - 206 a 246"]
[Site "Lira Tênis Clube - Florianópolis/SC"]
[Date "2022.01.27"]
[Round "6"]
[Board "144"]
[White "Nejanky, Maisa"]
[Black "Paniago, Lucio Erloiny Silva"]
[Result "1-0"]
[WhiteElo "1948"]
[BlackElo "1508"]
[PlyCount "41"]
[EventDate "2022.01.24"]
[EventRounds "10"]
[EventCountry "BRA"]

1. e4 e6 2. d4 d5 3. Nc3 Nf6 4. Bg5 Be7 5. e5 Nfd7 6. Bxe7 Qxe7 7. f4 a6 8. Nf3
c5 9. Qd2 Nc6 10. dxc5 Qxc5 11. O-O-O Nb6 12. Kb1 O-O 13. Bd3 h6 14. g4 Nb4 15.
g5 h5 16. g6 f6 17. Qe2 Nxd3 18. Rxd3 Nd7 19. Nd4 Re8 20. Qxh5 Kf8 21. Qh8+  1-0

[Event "VIII Floripa Chess Open 2022 - LIRA - mesa 1 a 205 - HOTEL FAIAL - 206 a 246"]
[Site "Lira Tênis Clube - Florianópolis/SC"]
[Date "2022.01.27"]
[Round "6"]
[Board "145"]
[White "Da Silva, Jefferson Rian Ferreira"]
[Black "Souza, Neurismar Da Rocha"]
[Result "1-0"]
[WhiteElo "1901"]
[BlackElo "1490"]
[PlyCount "45"]
[EventDate "2022.01.24"]
[EventRounds "10"]
[EventCountry "BRA"]

1. c4 e6 2. Nc3 Nf6 3. e4 d6 4. d3 b6 5. g3 Bb7 6. Bg2 Nbd7 7. Nge2 Be7 8. O-O
O-O 9. h3 c5 10. f4 Qc7 11. Kh2 a6 12. g4 Ne8 13. Ng3 Bh4 14. g5 Bxg3+ 15. Kxg3
g6 16. h4 Ng7 17. Bf3 f5 18. h5 Rf7 19. h6 Ne8 20. exf5 exf5 21. Nd5 Qd8 22.
Re1 Rf8 23. Ne7+  1-0

[Event "VIII Floripa Chess Open 2022 - LIRA - mesa 1 a 205 - HOTEL FAIAL - 206 a 246"]
[Site "Lira Tênis Clube - Florianópolis/SC"]
[Date "2022.01.27"]
[Round "6"]
[Board "146"]
[White "De Oliveira, Gualter Amelio"]
[Black "Moro, Antonio Renato Pereira"]
[Result "1-0"]
[WhiteElo "1533"]
[BlackElo "1853"]
[PlyCount "69"]
[EventDate "2022.01.24"]
[EventRounds "10"]
[EventCountry "BRA"]

1. e4 Nc6 2. Nc3 d6 3. d3 e5 4. g3 Nf6 5. Nge2 Bg4 6. Bg2 Nd4 7. O-O Nf3+ 8.
Bxf3 Bxf3 9. Qd2 Ng4 10. Qg5 Qd7 11. Qf5 Qxf5 12. exf5 g6 13. h3 h5 14. Re1
gxf5 15. Bg5 Be7 16. Bxe7 Kxe7 17. Nf4 Kd7 18. Nfd5 Rh6 19. Ne3 f4 20. Nf5 fxg3
21. hxg4 gxf2+ 22. Kxf2 Rf6 23. Kxf3 hxg4+ 24. Ke4 c6 25. Rf1 Rg6 26. Ne2 Rh8
27. Neg3 Ke6 28. Rh1 Rh3 29. Rxh3 gxh3 30. Rh1 d5+ 31. Ke3 Rg5 32. Rxh3 c5 33.
Rh6+ f6 34. Rh7 b5 35. Re7#  1-0

[Event "VIII Floripa Chess Open 2022 - LIRA - mesa 1 a 205 - HOTEL FAIAL - 206 a 246"]
[Site "Lira Tênis Clube - Florianópolis/SC"]
[Date "2022.01.27"]
[Round "6"]
[Board "147"]
[White "Ribeiro, Pablyto Robert Baioco"]
[Black "Calcada, Lucas Galvan"]
[Result "0-1"]
[WhiteElo "1849"]
[BlackElo "1460"]
[PlyCount "58"]
[EventDate "2022.01.24"]
[EventRounds "10"]
[EventCountry "BRA"]

1. e4 c5 2. Nf3 g6 3. c3 Bg7 4. d4 cxd4 5. cxd4 d5 6. e5 Nc6 7. Nc3 Bg4 8. Bb5
e6 9. h3 Bxf3 10. Qxf3 Nge7 11. O-O a6 12. Bxc6+ Nxc6 13. Be3 O-O 14. a3 Rc8
15. Rfd1 Qe7 16. Na4 Na5 17. Nc5 Nc4 18. Bc1 Nxe5 19. Qb3 Nc6 20. Qxb7 Qxb7 21.
Nxb7 Nxd4 22. Be3 Nc2 23. Rab1 Nxe3 24. fxe3 Rc7 25. Na5 Rc2 26. b4 Rc3 27. Rb3
Rfc8 28. Rd3 Rc1+ 29. Kf2 R8c2+  0-1

[Event "VIII Floripa Chess Open 2022 - LIRA - mesa 1 a 205 - HOTEL FAIAL - 206 a 246"]
[Site "Lira Tênis Clube - Florianópolis/SC"]
[Date "2022.01.27"]
[Round "6"]
[Board "148"]
[White "Fiorindo Pereira, Guilherme"]
[Black "Descarrega Zacarias, Vanessa"]
[Result "0-1"]
[WhiteElo "1502"]
[BlackElo "1828"]
[PlyCount "130"]
[EventDate "2022.01.24"]
[EventRounds "10"]
[EventCountry "BRA"]

1. c4 c6 2. Nc3 d5 3. cxd5 cxd5 4. d4 Nf6 5. g3 Nc6 6. Bg2 Bf5 7. Nf3 e6 8. O-O
a6 9. Bf4 Bd6 10. Be5 O-O 11. Rc1 Ne4 12. Bxd6 Qxd6 13. Nh4 Nxc3 14. Rxc3 Bg6
15. Nxg6 hxg6 16. e3 f5 17. Qb3 Qe7 18. Rfc1 g5 19. Qd1 g4 20. a3 Rac8 21. R1c2
Na7 22. Qc1 Rxc3 23. Rxc3 Nb5 24. Rc5 Rd8 25. Bf1 Nd6 26. Rc7 Rd7 27. Rc2 g6
28. Bd3 Nf7 29. Rc8+ Kg7 30. Qc3 Ng5 31. Kg2 Qf7 32. b4 Kf6 33. Qc5 Qe7 34. a4
Nf7 35. Qxe7+ Rxe7 36. a5 Nd6 37. Rc5 Rd7 38. b5 axb5 39. Bxb5 Rd8 40. Bd3 Rc8
41. f3 gxf3+ 42. Kxf3 Rh8 43. h4 g5 44. hxg5+ Kxg5 45. Rc7 Rd8 46. Re7 Kf6 47.
Rh7 Nf7 48. Rh1 Ra8 49. Ra1 e5 50. Bb5 exd4 51. exd4 Ng5+ 52. Kf4 Ne6+ 53. Ke3
Nc7 54. Bd3 Rg8 55. Rg1 Ne6 56. Bc2 Rg4 57. Rb1 Rxg3+ 58. Kf2 Ra3 59. Rxb7 Ra2
60. Rb5 Rxc2+ 61. Ke3 Rc3+ 62. Kd2 Rc4 63. Rxd5 Rxd4+ 64. Rxd4 Nxd4 65. a6 Nc6
 0-1

[Event "VIII Floripa Chess Open 2022 - LIRA - mesa 1 a 205 - HOTEL FAIAL - 206 a 246"]
[Site "Lira Tênis Clube - Florianópolis/SC"]
[Date "2022.01.27"]
[Round "6"]
[Board "149"]
[White "Ribeiro Carrico, Victor Hugo"]
[Black "Blanco, Gustavo Jose Bachur"]
[Result "1-0"]
[WhiteElo "1787"]
[BlackElo "1448"]
[PlyCount "81"]
[EventDate "2022.01.24"]
[EventRounds "10"]
[EventCountry "BRA"]

1. e4 c5 2. Nf3 d6 3. d4 cxd4 4. Nxd4 Nf6 5. Nc3 a6 6. Be2 e5 7. Nb3 Be6 8. Be3
Be7 9. Qd3 d5 10. exd5 Nxd5 11. Nxd5 Qxd5 12. O-O-O Qxd3 13. Bxd3 Nc6 14. Nc5
Bxc5 15. Bxc5 O-O-O 16. Bb6 Rd6 17. Be4 Nd4 18. Bxd4 Rxd4 19. Rxd4 exd4 20. Rd1
Rd8 21. b3 h6 22. c3 f5 23. Bf3 d3 24. Kd2 g5 25. Re1 Bd5 26. Re3 a5 27. Rxd3
Bxf3 28. Rxd8+ Kxd8 29. gxf3 Ke7 30. Kd3 Kd7 31. Kd4 Kd6 32. a4 b6 33. b4 h5
34. bxa5 bxa5 35. c4 g4 36. c5+ Kc6 37. f4 h4 38. Kc4 Kd7 39. Kb5 g3 40. fxg3
h3 41. Kxa5  1-0

[Event "VIII Floripa Chess Open 2022 - LIRA - mesa 1 a 205 - HOTEL FAIAL - 206 a 246"]
[Site "Lira Tênis Clube - Florianópolis/SC"]
[Date "2022.01.27"]
[Round "6"]
[Board "150"]
[White "Generoso, Vitor Manoel Da Silva"]
[Black "Silvestre, Gilmar Severino"]
[Result "0-1"]
[WhiteElo "1446"]
[BlackElo "1775"]
[PlyCount "94"]
[EventDate "2022.01.24"]
[EventRounds "10"]
[EventCountry "BRA"]

1. e4 c5 2. Nf3 d6 3. d4 cxd4 4. Nxd4 Nf6 5. Nc3 a6 6. f3 Nc6 7. Be3 e6 8. Qd2
Be7 9. O-O-O Qc7 10. Kb1 b5 11. Nb3 h6 12. g4 Ne5 13. Bg2 Nc4 14. Qe2 Nxe3 15.
Qxe3 Bb7 16. h4 Nd7 17. f4 b4 18. Ne2 Rc8 19. Qd2 Nc5 20. Nxc5 dxc5 21. g5 a5
22. Nc1 Rd8 23. Qe2 Rxd1 24. Rxd1 hxg5 25. hxg5 Rh2 26. Rh1 Rxh1 27. Bxh1 c4
28. Qd2 Bc6 29. Ne2 Qb7 30. Qd4 g6 31. Ng3 c3 32. Bf3 cxb2 33. Bg4 Qc7 34. Ne2
Bb5 35. Qd2 Bxe2 36. Bxe2 Qc3 37. Bb5+ Kf8 38. Qd3 Qxd3 39. Bxd3 Bd6 40. e5 Bc5
41. Kxb2 Be3 42. Kb3 Bxf4 43. Ka4 Bxe5 44. Kxa5 Bc3 45. Kb5 Ke7 46. Kc4 Bd2 47.
Be4 Kd6  0-1

[Event "VIII Floripa Chess Open 2022 - LIRA - mesa 1 a 205 - HOTEL FAIAL - 206 a 246"]
[Site "Lira Tênis Clube - Florianópolis/SC"]
[Date "2022.01.27"]
[Round "6"]
[Board "221"]
[White "Morato, Saulo Duenas"]
[Black "Vieira, Luiza Lessing"]
[Result "1-0"]
[WhiteElo "1331"]
[BlackElo "1489"]
[PlyCount "37"]
[EventDate "2022.01.24"]
[EventRounds "10"]
[EventCountry "BRA"]

1. d4 d5 2. c4 c6 3. Nc3 Nf6 4. Nf3 dxc4 5. e4 e6 6. Bxc4 Bb4 7. Qc2 Nbd7 8.
O-O O-O 9. Bg5 Qc7 10. a3 Ba5 11. Rac1 Bxc3 12. bxc3 b6 13. Ba2 Bb7 14. e5 Nd5
15. c4 h6 16. cxd5 hxg5 17. Nxg5 g6 18. dxe6 Nb8 19. exf7+  1-0

[Event "VIII Floripa Chess Open 2022 - LIRA - mesa 1 a 205 - HOTEL FAIAL - 206 a 246"]
[Site "Lira Tênis Clube - Florianópolis/SC"]
[Date "2022.01.27"]
[Round "6"]
[Board "222"]
[White "Oliveira, Francisco Evandro S."]
[Black "Sarda, Joao Sada"]
[Result "0-1"]
[WhiteElo "1437"]
[BlackElo "1285"]
[PlyCount "68"]
[EventDate "2022.01.24"]
[EventRounds "10"]
[EventCountry "BRA"]

1. c4 Nf6 2. g3 g6 3. Bg2 Bg7 4. Nc3 O-O 5. d3 e5 6. e4 Nc6 7. Nge2 d6 8. O-O
Ne8 9. a3 a5 10. Nd5 f5 11. Nec3 Nd4 12. Rb1 c6 13. Ne3 f4 14. Nc2 Nb3 15. Na1
Nc5 16. b4 axb4 17. axb4 Ne6 18. b5 Nd4 19. b6 f3 20. Bh1 Ra2 21. Nxa2 Ne2+ 22.
Qxe2 fxe2 23. Re1 Bg4 24. f3 Bxf3 25. Bxf3 Rxf3 26. Rxe2 Rxd3 27. Be3 Ra3 28.
Nc1 d5 29. Nc2 Ra8 30. cxd5 cxd5 31. Bf2 dxe4 32. Ne3 Bh6 33. Ng4 Qd1+ 34. Be1
Bxc1  0-1